[Event "Ciocaltea mem"]
[Site ""]
[Date "1999.03.07"]
[Round "4"]
[White "Vajda Levente"]
[Black "Marjanovic Slavoljub"]
[Result "0-1"]
[WhiteElo "2484"]
[BlackElo "2451"]
[Annotator "Har Zvi"]
[Source "CBM 070"]
[Remark ""]

1.e4 c5 2.Nf3 e6 3.c3 Nf6 4.e5 Nd5 5.d4 cxd4 6.cxd4 b6 7.Nc3
Nxc3 8.bxc3 Qc7 9.Bd2 d6 10.Bd3 Nd7 11.O-O dxe5 12.Ng5
( 12.Re1 Bd6 {!?} 13.dxe5 ( 13.Ng5 Bb7 14.Qh5 Nf6 15.Bb5+ Kf8
16.Qh3 e4 17.f3 exf3 18.Nxf3 Ne4 19.Rf1 Nxd2 20.Nxd2 h5 $17 {0-1 Etchegaray,P-Conquest,S/Cordoba op 1994/EXT 94op (53)}
) Be7 14.Ng5 Bb7 15.Qh5 Bxg5 16.Qxg5 h6 {!} 17.Qh4 {!}
( 17.Qxg7 {?} O-O-O {'with the idea' Nc5, Rdg8-+} )
( 17.Qg3 O-O-O $15 ) Nc5 18.Bb5+ Bc6 19.Bf1 Qd8 ( 19...Qe7 {%02'better is'}
20.Qb4 ( 20.Qc4 {!?} ) Rd8 21.Be3 Nd3 {=} ) 20.Qd4 $14 {'with the idea' h4-h5-hg6-g7+- 1-0 Blatny,P-Pekarek,A/Namestovo 1987/Inf 44 (43)}
) Bb7 13.Qh5 g6 14.Qh3 Be7 {
 this is a very critical position for this line since for example the way white
have played here he got nothing just a slightly worse position so unless white
has a clear way to play here which I can not see he should think again about this line}
( 14...Bg7 15.Rae1 a6 16.f4 e4 17.Bxe4 Bxe4 18.Rxe4 Nf6 19.Rxe6+
fxe6 20.Qxe6+ {1-0 Sermek,D-David,A/Bled op 1996/EXP 51} ) 15.Rfe1
h6 16.dxe5 $15 ( 16.f4 Bxg5 ( 16...Rc8 ) ( 16...exf4 17.Nxf7 )
17.fxg5 h5 18.Bxg6 {?!} fxg6 19.Qxe6+ Kd8 20.Qxg6 Qc6 21.Qxc6
Bxc6 22.dxe5 Nc5 $17 ) ( 16.Bxg6 fxg6 17.Nxe6 Qc4 $17 )
( 16.Nxe6 fxe6 17.Qxe6 Qc6 18.Bxg6+ Kd8 19.Qxc6 Bxc6 20.dxe5
Bxg2 {!$17} ) Nc5 17.Bb5+ Kf8 ( 17...Bc6 {!?} {at first this looks like a mistake but it is not not all since Qf3 now which seems winning for white is a bad move!}
18.Bxc6+ ( 18.Qf3 {?} {%15A(a8) A(c6) A(f7)} Bxb5 {!} 19.Qxa8+
Bd8 {%15A(a8) A(g5) LD(b5:c6)} 20.Nxf7 Kxf7 21.Qf3+ Kg7 $17 )
Qxc6 19.Nf3 O-O-O ( 19...Kf8 {!?} {%15LD(f8:g7)} ) 20.Nd4 Qd5
{when black just seems fine} ) 18.Nf3 Kg7 19.Rad1 a6 20.Bf1 Rad8
{so now the opening is already over and black got a great position,he has no
weakness at all,has very good pieces and white has many weaknesses on the Queen's side}
{%15LD(c5:e4)} 21.Nd4 b5 ( 21...Ne4 {!?} {just seems not bad for black}
) 22.Rc1 Bd5 ( 22...Ne4 {!} 23.Qd3 ( 23.Be3 Qxe5 )
( 23.Bf4 Ba3 24.Rcd1 Bb2 {!$17} ( 24...Qxc3 {??} 25.Nxe6+ fxe6
26.Rxd8 Rxd8 27.Qxh6+ $18 ) ( 24...Nxc3 25.Nxe6+ fxe6 26.Rxd8
Qxd8 27.Qxc3 ) ) Nxd2 24.Qxd2 Rd7 {%15LD(h8:d8) LD(e7:c5)} $37
{%04/$17} ) 23.c4 {?} {this is just a bad move losing a pawn!}
( 23.Rc2 ) Bxc4 24.Be3 ( 24.Bxc4 Rxd4 {%15A(c4) A(d2)} $19 )
Qb7 {?} {what is this panic?? so what if there is a pin along the "c" file what does
black lose his Queen?? well he should have simply take on "a2" or if he is really scared on f1 but not give back the pawn}
( 24...Bxf1 25.Rxf1 ( 25.Kxf1 Qb7 $17 ) Rd5 $17 ( 25...Qb7 $17 ) )
( 24...Bxa2 25.Rc2 Bd5 ( 25...Bc4 26.Bxc4 bxc4 27.Rxc4 Qb7 {with just an extra pawn for black}
) 26.Rec1 Rc8 27.Nf3 Qb6 {when black want simply to play b4-a5-a4-b3...}
28.Ne1 Be4 ( 28...Qa5 29.Nd3 Nxd3 30.Rxc8 Nxc1 31.Rxh8 Kxh8 32.Qxh6+
Kg8 $19 ) 29.Nd3 Bxd3 30.Bxd3 b4 $19 ) 25.Bxc4 bxc4 26.Rxc4 Qd5
27.Rc2 Qe4 ( 27...Nd3 28.Rd1 Nxe5 29.Nf5+ exf5 30.Rxd5 Rxd5 31.Rd2
{with a slight advantage for white here but of course should be a draw here}
) 28.Rd2 Bg5 {!} {a very good move,after changing the bishops the knight on "d4" becomes under attack}
29.Kf1 Bxe3 30.Rxe3 {?!} {so white thinks the Queen on h3 is so good.well so he is wrong!}
{%15A(h3)} ( 30.Qxe3 Qxe3 31.Rxe3 Rd5 32.Nb3 {should just be a draw} )
Qb1+ 31.Re1 Qb4 32.Qh4 {?!} {
 all this plan is white's reason why he had lost here,since after Qe3 the gmae
should have ended with a draw and even in the next few moves white could quite easily made draw,but he sense no danger at all}
{%15LD(d4:e6) LD(d4:f5)} Kh7 33.Red1 Rd7 34.g4 {??} {what is this???}
( 34.Qf4 Rhd8 35.Qe3 {=} ( 35.Kg1 Na4 36.a3 ) ) Rhd8 {?} {missing a force win and giving white a chance to defend his position}
( 34...Ne4 {!} 35.Rd3 Rhd8 36.Rh3 Nd2+ {!} 37.Kg1 ( 37.Kg2 h5
38.Rxd2 Rxd4 ( 38...Qxd2 39.gxh5 g5 40.Qe4+ Kh8 ) 39.Rxd4 Rxd4
40.Rg3 Rf4 {%15LD(b4:d2)} $19 ) h5 38.Rxd2 Rxd4 39.Rxd4 Rxd4
$19 ) 35.g5 h5 36.Qf4 Kg8 ( 36...Na4 37.Qf3 {%15LD(d4:e6) LD(d4:c6) A(f7)}
Qc3 $37 ) 37.Kg1 {?} {well this is enough for this game the final mistake,after there is no defence any more}
( 37.Qe3 {this was the sorrect move so to meet  37...Na4 with 38.Qb3! and white can
surive,after 37...Qe3 black should maybe try 37...Qb7 with some initiative for him}
) Na4 {!$19} {and now the game is over there is defence against Nc3-Nb2}
38.a3 Qc4 {!} 39.Rc2 Nc3 40.Qg3 Rxd4 41.Rxd4 Rxd4 42.Rxc3 Qd5
43.Qf3 Qxe5 {%30^009} {%30^011} {%30^009} {%30^002} 0-1

[Event "Givataim 30'"]
[Site ""]
[Date "1998.05.30"]
[Round "7"]
[White "Golod Vitali"]
[Black "Tsesarsky Ilya"]
[Result "0-1"]
[WhiteElo "2535"]
[BlackElo "2425"]
[Annotator "Tsesarsky"]
[Source "CBM 065"]
[Remark ""]

1.e4 c5 2.c3 Nf6 3.e5 Nd5 4.Nf3 Nc6 5.d4 cxd4 6.cxd4 d6 7.Bc4
Nb6 8.Bb5 dxe5 9.Nxe5 Bd7 10.Nc3 Nxe5 11.dxe5 Bxb5 12.Nxb5 Qxd1+
13.Kxd1 Nd5 14.Ke2 a6 15.Rd1 O-O-O 16.Nd4 ( 16.Na3 e6 17.Nc4
Be7 18.Bd2 b6 {!} 19.g3 Kb7 20.Ne3 Nc7 21.Nc4 Rd4 22.Rac1 Nd5
23.f3 Rc8 24.Ne3 Nxe3 25.Bxe3 Rxd1 26.Rxd1 Rc2+ 27.Rd2 Rxd2+
28.Kxd2 Kc6 29.f4 b5 30.Kd3 Kd5 { 0-1 Sveshnikov,E-Kasparov,G/SSSR(ch)i28/321 1979 (43)}
$15 ) ( 16.Nd6+ {=} exd6 17.Rxd5 dxe5 18.Rxe5 Bd6 19.Rd5 { ½-½ Florath,P-Winkeler,U/NWL-I 1993}
) e6 17.Bg5 ( 17.Bd2 b6 ( 17...Be7 18.Rac1+ Kb8 19.g3 Rd7 20.Ba5
g5 21.Nb3 h5 22.Rc4 g4 23.Rdc1 Rg8 { 1-0 Kleeschaetzky,R-Mach,H/OLNN 1993 (45)}
{=} ) 18.Rac1+ Kb7 19.Rc4 Bc5 20.Nf3 Rd7 21.Ng5 Rhd8 22.Rdc1
h6 23.Ne4 Be7 24.g3 Bf8 { Tiviakov,S-Korsunsky,R/Frunze op 1989/1-0 (79)}
{=} ) Rd7 ( 17...Be7 18.Rac1+ Kb8 19.Bxe7 Nxe7 20.f4 Rd5 21.Nf3
h6 22.Rxd5 Nxd5 { ½-½ Topolewski,D-Winkeler,U/NRW-II 1988} )
18.Rac1+ Kb8 19.Nb3 ( 19.a3 h6 {=} ) ( 19.Kf3 h6 20.Be3 Be7 21.Ne2
Rhd8 22.Nc3 Nxe3 23.Rxd7 Rxd7 24.Kxe3 Bc5+ 25.Ke2 Rd4 { Blauert,J-Kuczynski,R/Groningen op 1989/½-½ (64)}
$15 ) h6 20.Be3 Be7 21.g3 b6 ( 21...Rhd8 22.Bd4 b6 23.a3 Kb7
24.Rd3 a5 25.Rcd1 a4 26.Nc1 Rc8 $15 ) ( 21...g5 22.Bc5 h5 23.Bxe7
Rxe7 24.Nc5 g4 25.Ne4 ( 25.a3 Rg8 26.Rd4 Rg5 27.Re4 Rf5 28.Nb3
Rc7 29.Rxc7 Kxc7 30.Nd4 Rg5 31.f4 Rg8 32.f5 Kd7 33.fxe6+ fxe6
{ Topolewski,D-Hubert,R/NRW-II 1987/½-½ (81)} {=} ) Rg8 26.h4
gxh3 27.Rh1 h4 28.Rxh3 hxg3 29.Rxg3 Rxg3 30.Nxg3 Rd7 31.Ne4
( 31.Rc4 {=} ) Nf4+ 32.Ke3 Nd3 33.Rd1 Nxe5 34.Rxd7 Nxd7 35.Ng5
Ne5 36.Kd4 Ng4 37.Nxf7 Nxf2 38.Ng5 e5+ 39.Kxe5 Nd3+ 40.Kd4 Nxb2
{ ½-½ Borg,G-Georgiev,K/Thessaloniki olm 1984 (45)} $15 ) 22.Bd4
Kb7 23.a3 a5 24.Rd3 Rhd8 ( 24...a4 25.Na1 Rc8 26.Rxc8 Kxc8 27.Nc2
Rc7 28.Ne3 Kb7 {=} ) 25.Rcd1 a4 26.Nc1 Rc8 ( 26...Kc6 {%02!?$15} )
27.Rf3 Bc5 28.Bxc5 Rxc5 29.Nd3 Rc4 30.Rd2 ( 30.h4 Kc6 $15 ) g5
{?} ( 30...Kc6 $15 ) 31.h3 {?} ( 31.Nb4 {=} ) h5 {?}
( 31...Kc6 $15 ) 32.Nb4 {!} Re4+ {?} ( 32...g4 {!=} 33.hxg4 hxg4
34.Rfd3 Re4+ 35.Re3 Rxe3+ 36.fxe3 b5 37.Nxd5 exd5 ( 37...Rxd5
38.Rxd5 exd5 39.Kd3 Kb6 40.Kd4 Kc6 41.e4 dxe4 42.Kxe4 Kc5 43.Kf5
Kd4 44.Kf4 Kd3 45.Kf5 ( 45.Kxg4 Kc2 46.Kf5 Kxb2 47.Kf6 b4 48.Kxf7
bxa3 49.e6 a2 50.e7 a1Q 51.e8Q Qf1+ 52.Kg7 Qc4 $15 ) Kd4 {=} )
38.Kd3 Kb6 39.Kd4 b4 40.Rf2 Kb5 41.Rf4 $16 ) 33.Re3 Rxe3+
( 33...Nxe3 {!?} 34.Rxd7+ Kc8 35.Rxf7 Nc4+ 36.Kd3 Nxe5+ 37.Kxe4
Nxf7 38.Nd3 $14 ) 34.fxe3 b5 35.Nxd5 exd5 {%02??$18}
( 35...Rxd5 {!} 36.Rxd5 exd5 37.Kd3 g4 38.h4 {!} ( 38.hxg4 hxg4
39.Kd4 Kc6 {=} ) Kb6 {!} ( 38...Kc6 39.Kd4 b4 40.e4
( 40.axb4 Kb5 41.Kc3 Kc6 42.Kc2 Kb5 43.b3 a3 44.Kb1 Kxb4 45.Ka2
Kc3 46.Kxa3 Kd3 47.b4 Kxe3 48.b5 d4 49.b6 d3 50.b7 d2 51.b8Q
d1Q $17 ) dxe4 41.Kxe4 Kc5 42.Kf5 b3 43.Kg5 {?} ( 43.Kf6 {!}
Kd4 44.Kxf7 Kxe5 45.Kg6 Ke4 46.Kxh5 Kf3 47.Kg6 Kxg3 48.h5 Kf4
49.h6 g3 50.h7 g2 51.h8Q g1Q+ 52.Kf7 Qf2 53.Ke6 ( 53.Qf6+ Ke3
54.Qxf2+ Kxf2 55.Ke6 Ke3 $19 ) Qe3+ 54.Kd5 Qe4+ 55.Kc5 Ke3 56.Qc3+
Ke2 57.Kb5 Qd3+ $19 ) Kd4 44.Kxh5 Kd3 45.Kxg4 Kc2 46.h5 Kxb2
47.h6 Kxa3 48.h7 b2 49.h8Q b1Q $17 ) 39.Kd4 Kc6 40.e4 dxe4 41.Kxe4
Kc5 42.Kf5 Kd4 43.Kf6 Ke4 44.Kxf7 Kxe5 45.Kg6 Ke4 46.Kxh5 Kf3
47.Kg5 Kxg3 48.h5 Kf3 49.h6 g3 50.h7 g2 51.Kf5 g1Q 52.h8Q Qg4+
$15 ) 36.Kd3 Kb6 37.Kd4 b4 38.Rc2 {?!} ( 38.Rf2 b3 39.Rf6+ Kb5
40.Rf5 Rc7 41.Kxd5 Rc2 42.Rxf7 Rxb2 43.e6 Rd2+ 44.Ke5 Kc6 45.Rf8
Rd5+ 46.Kf6 Rd6 47.Kf7 $18 ) b3 39.Rc8 Kb5 40.Rb8+
( 40.Rc5+ Kb6 41.Rxd5 Rc7 42.Rd6+ Kb5 43.Rf6 Rc2 44.Rxf7 Rxb2
45.e6 Kc6 46.Ke5 Re2 47.e4 b2 48.Rf1 Kc7 49.e7 Kd7 50.Kf6 Rxe4
51.Rd1+ Kc7 52.Kf7 $18 ) Ka5 41.Rc8 Kb5 42.h4 ( 42.Rc5+ $18 )
g4 43.Rb8+ ( 43.Rc5+ $18 ) Ka5 44.Rh8 Kb5 45.Rh7 ( 45.Rxh5 Rc7
46.Kxd5 Rc2 47.Rf5 Rxb2 48.Rxf7 $18 ) Rc7 46.Kxd5 {%02??$19}
( 46.e6 Rc4+ 47.Kxd5 fxe6+ 48.Kxe6 Rc2 49.Rxh5+ Kc4 50.Ra5 Rxb2
51.Rxa4+ Kc3 $131 ) ( 46.Rxh5 Rc2 47.Kxd5 Rxb2 48.Ke4
( 48.Rh8 Rd2+ 49.Ke4 b2 50.Rb8+ Kc4 51.h5 Kc3 $19 ) Kc6
( 48...Kc4 49.Rf5 Rg2 50.Rxf7 b2 51.Rb7 Kc5 52.h5 $18 ) 49.Rf5
Ra2 50.Rf6+ Kc5 51.Rxf7 Rxa3 52.Rc7+ Kb6 53.Rc8 Ka7 54.Rc7+ Ka6
55.Rc6+ Ka5 56.Rc5+ Kb4 57.Rc8 b2 58.Rb8+ Kc3 59.e6 Rb3 $19 )
Rd7+ 47.Ke4 f5+ 48.exf6 Rxh7 49.Kf5 ( 49.Kd5 Rd7+ 50.Ke6 Rd3
51.f7 Rxe3+ 52.Kd7 Rf3 53.Ke7 Kc4 $19 ) Rc7 {!?} ( 49...Kc4 50.Kg6
( 50.e4 Rc7 51.e5 Kd5 52.e6 Kd6 53.e7 Rc8 54.Kg6 Ke6 55.Kg7 Re8
56.Kg6 Rg8+ 57.Kxh5 Kxf6 $19 ) Rh8 51.f7 Kd3 52.Kg7 Rc8 53.f8Q
Rxf8 54.Kxf8 Kxe3 $19 ) ( 49...Kc6 50.e4 ( 50.Kg6 Rh8 51.f7 Rd8
52.Kg7 Kd5 53.f8Q Rxf8 54.Kxf8 Ke4 55.Kg7 Kxe3 56.Kg6 Kf3 57.Kxh5
Kxg3 58.Kg5 Kf3 59.h5 g3 60.h6 g2 61.h7 g1Q+ $19 ) ) 50.Kg6 Kc4
51.f7 Rxf7 52.Kxf7 Kd3 53.Kg6 Kc2 54.Kxh5 Kxb2 55.Kxg4 Kxa3 56.h5
b2 57.h6 b1Q 0-1

[Event "Bundesliga 9900"]
[Site ""]
[Date "2000.04.08"]
[Round "14.8"]
[White "Darnstaedt Frank"]
[Black "Hermesmann Hans"]
[Result "1-0"]
[WhiteElo "2340"]
[BlackElo "2271"]
[Annotator "Rogozenko"]
[Source "CBM 076"]
[Remark ""]

1.e4 c5 2.c3 d6 3.d4 Nf6 4.Bd3 Nc6 5.Ne2 g6 6.O-O Bg7 7.h3 O-O
8.Be3 cxd4 9.cxd4 e5 10.Nbc3 exd4 11.Nxd4 d5 12.exd5 Nxd5 13.Nxd5
Nxd4 ( 13...Qxd5 {%03'better is'} 14.Nxc6 Qxc6 ( 14...bxc6 15.Qc2
Be6 16.Rfd1 $14 ) 15.Rc1 Qf6 16.b3 $14 {%04/=.} ) 14.Bc4 Nf5
( 14...Nc6 15.Qc1 {!$16} {'with the idea'16.Rd1, 16.Bg5.} ) 15.Bc5
Re8 16.Bb5 Be6 17.Bxe8 Bxd5 18.Qd3 b6 ( 18...Bxg2 19.Qxd8 Rxd8 )
19.Be3 ( 19.Ba3 Nd4 {!} ( 19...Bxg2 20.Qxd8 Rxd8 21.Kxg2 Rxe8
22.Rfe1 $18 Rc8 23.Rac1 ) 20.Rae1 {!} Qg5 21.Qg3 Qxg3 22.fxg3
Nc2 23.Re7 $16 ) Nxe3 20.fxe3 Qg5 21.e4 ( 21.Bxf7+ {!?} Bxf7
22.Rxf7 Kxf7 23.Qc4+ Kf8 ( 23...Ke7 24.Qe4+ {%15A(a8) A(e7)}
$18 ) 24.Rf1+ Bf6 25.Qc6 Qxe3+ 26.Kh1 Qe8 27.Rxf6+ {!} Kg7 28.Qc3
Kg8 29.Qc4+ Kg7 30.Qd4 Kg8 31.Qd5+ Kg7 32.Re6 $40 ) Be6 22.Qb5
Qe3+ 23.Kh1 a6 24.Qc6 Rd8 25.Rad1 {?} ( 25.Bxf7+ Bxf7 26.Rxf7
Kxf7 27.Qc7+ Ke8 28.Qxg7 $18 ) Rxd1 26.Rxd1 Be5 27.Qc2 Qg3 28.Kg1
Bxh3 $19 29.Qf2 Qh2+ 30.Kf1 Qh1+ 31.Qg1 Bxg2+ 32.Kf2 Qxg1+ 33.Kxg1
Bxe4 34.Rd7 f5 35.Bf7+ Kf8 36.Be6 h5 37.Rf7+ Ke8 38.Ra7 f4 39.Rxa6
Bxb2 {?} ( 39...Ke7 $19 ) 40.Ra4 {!} Bb1 {??} ( 40...Bc2 41.Rxf4
Ke7 42.Bf7 Be5 $17 ) 41.Rb4 ( 41.Rb4 Bxa2 42.Bxa2 Bc1 43.Kg2
Be3 44.Re4+ Kf8 45.Re6 Kg7 46.Bb1 g5 47.Bg6 h4 48.Bf5 $18 ) 1-0

[Event "CZE-chT 2006/2007"]
[Site ""]
[Date "2007.03.24"]
[Round "10.6"]
[White "Ramik Zdenek"]
[Black "Vokac Marek"]
[Result "1/2-1/2"]
[WhiteElo "2274"]
[BlackElo "2507"]
[Annotator "Vokac,Marek"]
[Source ""]
[Remark ""]

1.e4 c5 2.Nc3 Nc6 3.g3 g6 4.Bg2 Bg7 5.d3 d6 6.Be3 e5 7.Qd2 Be6
{Chtìl jsem nìjak narušit stereotypní koncepci} ( 7...Nge7 8.Bh6
O-O 9.h4 Bxh6 10.Qxh6 f6 {=} {, která sice není pro èerného pøíliš nebezpeèná, ale ani pro bílého nepøedstavuje intelektuální vypìtí.}
) 8.Nf3 {?!} {Tady myslím jezdec nestojí nejlépe, sympatiètìjší je mi koncepce}
( 8.Nh3 h6 9.f4 {nebo klasika:} ) ( 8.Nge2 {%04èi} )
( 8.f4 ) h6 9.O-O Nge7 10.Ne1 {Podivné pole pro jezdce. Bílému se ale tìzko hledá koncepce, která by oprávnila vývin jezdce právì na f3.}
Qd7 11.Nd5 {Jak jinak? Pozice po} ( 11.f4 exf4 12.gxf4 f5 {mohl bílý poøídit snadnìji døíve.}
) Bxd5 {!} 12.exd5 Nd4 13.Qd1 {Chce si udrzet dvojici støelcù. Pozice po}
( 13.c3 Ndf5 14.Nc2 {=} {bílému neskýtá pranic.} ) O-O 14.c3
Nb5 ( 14...Ndf5 15.Bc1 {vytváøí urèitý problém s budoucností jezdce f5.}
) 15.Qd2 {Ani pokus} ( 15.Qa4 Rad8 {!=} {(hrozí Jxc3!) bílému nedává zvláštní hru, nástup èerných pìšcù na královském køídle vypadá nebezpeènìjší.}
) Kh7 ( 15...Nf5 {?!} 16.Bh3 {!$14} {staví zbyteènì jezdce do nepøíjemné vazby.}
) 16.a4 {Všechno uz tu bylo. Partie Grandos Gomez - Maiwald, MS H18 Guarapuava 1991, pokraèovala}
( 16.f4 exf4 17.Rxf4 {, snaha o iniciativu na královském køídle mi ale po}
Nc7 {nepøipadá nebezpeèná, k diskuzi je spíše osud volného sloupce v centru a budoucnost støelce na g2.}
) Nc7 17.c4 b6 {
 Byl jsem sice v pokušení zaèít si nìco na královském køídle, pak jsem si ale
øekl, ze by mohlo být uziteèné nejdøíve omezit moznosti bílého na opaèné
stranì. Ono by se nìkdy mohl hodit i otevírák b6-b5, èerný si ke høe stále mùze vybrat celou šachovnici.}
18.Ra2 {?!} {
 Jak chce bílý dostat do souhry tuto vìz s jezdcem na e1 a zbytkem armády?
Kdyby jste ho znali tak dlouho jako já. Vzdycky byl specialistou na pøevalování
od nikud nikam ve vlastním táboøe a podobné filosofické otázky ho moc nezajímaly. Rozehøívá se az kdyz opravdu zaène rvaèka.}
f5 19.f4 exf4 20.gxf4 {Nechce pustit kontrolu pole e5 a také mozný postup èerné pìšcové laviny. Ale ta pìšcová struktura?!}
Rae8 21.Nf3 Ng8 22.Bf2 {S vìzí na a2 je trochu problém bojovat o sloupec e, bílý zatím uhýbá z motivu Vxe3 a Sd4, ale}
( 22.Re1 Nf6 23.h3 {by mìlo být pøesnìjší.} ) Nf6 23.h3 Na6 {Uz teï mì napadlo}
( 23...Ne4 {!?} 24.dxe4 fxe4 {, ale nìco se mi nelíbilo,} 25.Nh4
e3 26.Bxe3 Rxe3 27.f5 {!$13} {by mohl být jeden dùvod. Øekl jsem si, ze to potøebuje trochu pøipravit, tøeba vzít bílé dámì pole d3 a c2.}
) 24.Raa1 Nb4 25.b3 {?} {Bílý oèividnì netušil, co se chystá, a trpìlivì pøipravuje pøesun dámské vìze na sloupec a.}
( 25.Rfe1 {by mohlo udrzovat pozici v pøiblizné rovnováze.} )
Ne4 {!} 26.dxe4 fxe4 27.Ne5 {
 Bílý se ani nemá moc na co vymluvit. Otevøení centra odhalilo královské køídlo
a výraznou slabinou na f4, navíc je napadena i vìz a1. Bílý reagoval pomìrnì
rychle a zcela zavrhl na pohled nejvynalézavìjší obranu}
( 27.Nd4 {!?} {Mìl jsem na to pøipraveno} cxd4 {!}
( 27...e3 28.Bxe3 Rxe3 29.Ne6 {není zrovna pøesvìdèivé.} ) 28.Qxb4
e3 29.Be1 ( 29.Kh1 exf2 30.Rxf2 Re3 $17 {odhaluje mnoho citlivých bodù bílého.}
) ( 29.Bg3 d3 30.Rae1 Bd4 {a pìšci jdou, tøeba} 31.Rf3 a5 {!}
32.Qa3 e2+ 33.Kh2 d2 $19 ) d3 {!} 30.Rb1 Bd4 $17 {a rozhánìní bílých figur završí tah a7-a5, naèez èerní pìšci zaènou konzumovat.}
) dxe5 28.fxe5 Bxe5 {Dobøe vypadá nejen obé braní na e5, ale také tah}
( 28...Nd3 {!?} {zamìøený spíše na pøímý útok.} ) 29.Be3 {!?}
{Ano, to je on, dobøe ho poznávám. Jiný by od pozice utekl, ale Zdeno zaèíná válèit. Po}
( 29.Rae1 {je mnoho slibných cest,} $17 Nd3 {je trochu polopatické (asi bych vybral nìco jiného):}
( 29...Bb8 {%02!?$41} ) ( 29...Rf4 ) ( 29...Bd6 ) ( 29...Bf4
30.Be3 Bg3 ) 30.Rxe4 Nxf2 31.Rxf2 Bd4 32.Rxd4 Rxf2 33.Qxf2 cxd4
34.Qxd4 Qd6 ( 34...Re1+ {!?} 35.Kf2 Qe7 ) 35.Qf2 Kg7 $17 {by mìla být asi jen technika.}
) Bxa1 30.Rxa1 Qg7 31.Rd1 Nd3 32.Qe2 ( 32.Bxe4 Rxe4 33.Qxd3 Qe5
$19 34.Bf2 Rxf2 {!} {je s matem.} ) Qe5 33.Qg4 Qf5 {Cest k výhøe je jistì mnoho, chtìl jsem nìjak rychle do koncovky.}
34.Qh4 g5 35.Qg4 Qxg4 36.hxg4 Kg7 37.a5 Ne5 {Nejtutovkovatìjší je snad}
( 37...Kf6 {s dalším Ke5, ale tady lezí další pìšec.} ) 38.d6
{Poslední šance na protihru.} Nxg4 39.Bd2 e3 {
 Tady si mùzete znovu vybrat spoustu tahù, které vedou k výhøe. Mìl jsem do
kontroly ještì asi 15 minut a soupeøova sveøepost mì zaèínala trochu otravovat
- to je obrovská hráèská chyba, ale uz jsem si moc pøál koneènì vylepšit svou
ligovou bilanci. A tak jsem vymyslel trakaø, aèkoliv jsem vìdìl, ze nejjednodušší asi bude}
( 39...Nf2 40.Bc3+ ( 40.Re1 Nd3 41.Rxe4 Rxe4 42.Bxe4 Ne5 43.Bc3
Kf6 $19 ) Kg6 41.Rd5 e3 42.d7 Rd8 {s dalším Vf7 a likvidací dotìrného pìšce.}
) 40.Bc3+ Nf6 {??} {Nechtìlo se mi lézt králem na h5 po}
( 40...Kg6 41.d7 $19 Rd8 ( 41...e2 {?} {pøijde} {%05Zajímavé je, ze na}
42.dxe8Q+ {jsem v této variantì vidìl.} ) 42.Be4+ Kh5 $19 {, pøitom je právì to dost snadná výhra, po}
43.Rd6 Nf2 {bude macen bílý král.} {!} ) 41.d7 Rd8 {Zato v této variantì mi obrat}
( 41...e2 {?} 42.dxe8N+ {došel az teï. Mezitah èerným pìšcem byl pochopitelnì právì to, èím jsem chtìl konec partie urychlit.}
) 42.Rd6 {A zhrozil jsem se, co jsem to spáchal. V partii s Malinovským jsem objevil nový
pøírodní zákon "Èím více cest vede k výhøe, tím pravdìpodobnìjší je, ze zvolím
nìjakou, která k ní nevede", ale co jsem vidìl zde bylo uz i na mou smíølivou a
léty otluèenou povahu hodnì silné kafe. Èerný nejen ze nesebere snadno pìšce
d7, ale dokonce se ani nemùze rozumnì rozvávzat a nemít tu haldu pìšcù, pomalu by ani nemìl èím tahat!}
g4 {Vtip je v tom, ze} ( 42...Kg6 43.Be4+ {
 zahání krále zpìt do vazby a v celém jeho koutì není zádné pole, kam by se
mohl schovat tak, aby mohl za bílého pìšce obìtovat jen jezdce (vìz s tolika pìšci si proti dvojici støelcù poradí).}
) 43.axb6 axb6 44.Be4 {!} {Kdepak, bílý krále z pasti nepustí.}
Rf7 {?!} {Objektivní pravdou je, ze se zázrak stejnì konat nemìl. Èerný jen musí správnì
naèasovat pohyb svých pìšcù (a mozností na výbìr je zase nìkolik). Po}
( 44...h5 {!} {má bílý dvì cesty.} 45.Bf5 ( 45.Kf1 {!?} {mì trápilo více, proto i tah v partii, který nepouští krále na sloupec f, ale je to naopak "snazší":}
h4 {!} 46.Bf5 ( 46.Ke2 h3 47.Kxe3 g3 48.Bf5 ( 48.Kf4 g2 $19 )
h2 49.Be4 Rf7 50.Be5 Kf8 51.Bxf6 Rfxd7 52.Rxd7 Rxd7 53.Be5 Rd1
54.Bxg3 h1Q 55.Bxh1 Rxh1 $19 ) h3 47.Bxg4 h2 48.Kg2 Kg6 49.Kxh2
Kg5 $17 {je víceménì technická otázka.} ) h4 46.Rxb6
( 46.Bxg4 Kg6 47.Kg2 Kg5 $19 ) e2 {vypadalo také docela hrozivì, bílá vìz má navíc nìkolik polí. Pøesné poøadí tahù je nezbytností:}
{!} 47.Rc6 ( 47.Kf2 h3 48.Re6 ( 48.Rd6 h2 49.Be4 g3+ $19 ) Rxd7
49.Rxf6 e1Q+ 50.Kxe1 Re7+ 51.Re6+ Kf7 52.Rxe7+ Kxe7 $19 )
( 47.Rd6 Rf7 48.Kf2 h3 {!} 49.Kxe2 h2 50.Be4 g3 $19 ) Rf7 {!}
( 47...h3 {?!} 48.Rxc5 Kf7 49.Re5 {!} Nxd7 50.Rxe2 $15 ) 48.Kf2
( 48.Rxc5 Re7 {!} 49.Rc8 Rdxd7 $17 50.Bxd7 e1Q+ 51.Bxe1 Rxe1+
52.Kf2 Rb1 $19 ) h3 {!} 49.Bxg4 h2 50.Bf3 Rdxd7 51.Kxe2 Kg6 $19
{by se asi vyhrát dalo. Musel bych ale asi mít nervy z poèítaèových èipù.}
) 45.Bd5 {Tolik jsem si lámal hlavu otázkou co budu dìlat po}
( 45.Bf5 {!?} {, ze mì tento tah ani nenapadl. Ono ani není divu, po}
h5 46.Rxb6 {!} {by èerný nemusel ani remizovat. Doma spolu s poèítaèem jsem se prodral k variantì}
h4 47.Rc6 ( 47.Bxg4 Kg6 48.Rc6 Kg5 49.Be6 Ne4 $17 ) e2 {!$17}
{která je identická s pozicí probranou výše.} ) Rff8 {Pokusem o celý bod by mohlo být i}
( 45...Rdxd7 46.Bxf6+ Rxf6 ( 46...Kf8 {?} {%05motiv} 47.Rxb6
$16 {s matovou hrozbou mì ale otrávil definitivnì.} ) 47.Rxd7+
Kf8 48.Ra7 Rf2 49.Ra1 Rb2 50.Re1 Rxb3 51.Kg2 $15 {
 , ale nechtìl jsem tam sedìt na pùlminutì s vìzí proti vìzi a støelci,  kdyby
to náhodou nevyšlo. Na výhru jsou stejnì šance minimální.} )
46.Be4 Rf7 {Na návrat k tahu} ( 46...h5 {!} {jsem uz nemìl èas ani nervy.}
) 47.Bd5 Rff8 1/2-1/2

[Event "Oberliga Wuert 9798"]
[Site ""]
[Date "1997.10.19"]
[Round "2.1"]
[White "Frick Christoph"]
[Black "Vokac Marek"]
[Result "0-1"]
[WhiteElo "2265"]
[BlackElo "2480"]
[Annotator "Vokac,Marek"]
[Source ""]
[Remark ""]

1.e4 c5 2.Nc3 Nc6 3.g3 g6 4.Bg2 Bg7 5.d3 d6 6.Nh3 e5 {'passed pawn'}
7.O-O Nge7 8.f4 exf4 9.Nxf4 O-O 10.Nfd5 Nxd5 11.Nxd5 Be6 12.Nf4
Qd7 {'passed pawn'} 13.Nxe6 fxe6 14.c3 Rxf1+ 15.Qxf1 Rf8 16.Qe2
b5 17.Bd2 {%040.39} b4 {%040.34} 18.Rf1 Rxf1+ 19.Bxf1 bxc3 20.bxc3
{%040.45} Qe7 {%040.43} 21.Qd1 h5 22.Be2 Kh7 23.Qa4 Ne5 24.Kg2
Bh6 25.Bxh6 Kxh6 26.d4 cxd4 27.cxd4 Nf7 28.Qb3 Kg7 29.Bc4 Qg5
30.Qc3 Qf6 31.Qe3 a5 32.h4 Nh6 33.Be2 e5 34.d5 Qd8 35.Qa7+ Kf6
36.Bb5 Nf7 37.a4 g5 38.Qf2+ Kg7 39.Qf5 gxh4 40.Qxh5 {%040.59}
hxg3 {%041.44} 41.Kxg3 Qg5+ 42.Qxg5+ Nxg5 43.Bd3 Kg6 44.Kg4 Nh7
45.Ba6 Nf6+ 46.Kf3 Nd7 47.Be2 Kg5 48.Bd1 Kh4 49.Be2 Nf6 50.Ke3
Kg3 {2.01/2.55} 51.Bd1 Ng4+ 52.Kd2 Nf2 53.Bc2 Kf4 54.Kc3 Nxe4+
55.Kc4 Nf2 56.Kb5 e4 57.Bb3 Ke5 58.Kxa5 Kd4 {3.04/2.10} 0-1